Anuari MCMXXI-XXVI : Vol. VII / Institut d'Estudis Catalans. Secció Històrico-Arqueològica Vol. VII / Institut d'Estudis Catalans. Secció Històrico-Arqueològica
Descripción Física:
XLIII, 439 p. : il. ; 33 cm
MARC
| LEADER | 00000nam a2200000Ia 4500 | ||
|---|---|---|---|
| 001 | 7860 | ||
| 003 | BGR | ||
| 005 | 20260324175259.0 | ||
| 008 | 160829s1931 xx 000 0 cat d | ||
| 080 | |a FOL-1-29 | ||
| 110 | 2 | |a Institut d'Estudis Catalans |9 52284 |b Secció Històrico-Arqueològica | |
| 245 | |a Anuari MCMXXI-XXVI : |b Vol. VII / Institut d'Estudis Catalans. Secció Històrico-Arqueològica | ||
| 260 | |a Barcelona : |b Publicat a despeses de la Institució Patxot. (Succ. d'Henrich i Ca), |c 1931 | ||
| 300 | |a XLIII, 439 p. : |b il. ; |c 33 cm | ||
| 590 | |a A peu de portada, Barcelona. Palau de la Generalitat | ||
| 650 | |a Institut d'Estudis Catalans. Secció Històrico-Arqueològica |x Memòries |9 24678 | ||
| 710 | 2 | |a Institució Patxot |9 71069 | |
| 901 | |a Arxiu | ||
| 942 | |n 1 |2 udc |c MON | ||
| 952 | |0 0 |1 0 |4 0 |6 FOL129 |7 1 |9 43260 |a Arxiu |b Arxiu |d 2016-12-01 |l 0 |o FOL-1-29 |p 7860 |r 2016-12-01 00:00:00 |w 2016-12-01 |y ARXIU | ||
| 999 | |c 45805 |d 45805 | ||